000 00727nam a2200229 4500
003 LK-CoMWRAF
005 20230911221109.0
008 230911b2014 |||||||| |||| 00| 0 eng d
020 _a9789556250497
040 _aLK-CoMWRAF
_dLK-CoMWRAF
_eLK-CoMWRAF
041 _aeng
082 _b340.59
_aZAC
245 _aWomen claiming rights and spaces :
_bActivism to reform Muslim personal law in Sri Lanka
260 _aColombo :
_bMuslim Women's research and action forum,
_c2014
300 _axiii, 117 pages : map ; 24 cm
650 _aWomen-Legal status
650 _alaws-Sri Lanka
650 _aWomen (Islamic law)--Sri Lanka
700 _aZackariya, Faizun
_eed.
700 _aKodikara, Chulani
_eed.
942 _cBK
999 _c3546
_d3546